000 00471nam a2200193Ia 4500
005 20240823042309.0
008 240823s9999||||xx |||||||||||||| ||und||
041 _aENGLISH
082 _A620.112 N3
100 _aRamamrutham S
245 0 _aStrength of Materials
250 _a11th
260 _c1993
_b"Dhanpat Rai,New Delhi"
500 _aTRANSFERED
650 _aMaterials
_bAeronautical Engineering
700 _a Narayan R
942 _cBK
999 _c207536
_d207536